Sports Quiz

Random Sports Quiz

F1 interesting statistics 4 x 30 Quiz Stats

Quiz not verified by Sporcle

Challenge
Share
Tweet
Embed
Score 0/120 Timer 07:00
0 Plays Today
Hint name the racer % Correct
finished on podium Michael Schumacher
99.6%
finished on podium Alain Prost
99.6%
race finished in pointsMichael Schumacher
99.6%
race finished in pointsAlain Prost
99.6%
pole positionMichael Schumacher
99.6%
pole positionAlain Prost
99.6%
fastest lapMichael Schumacher
99.6%
fastest lapAlain Prost
99.6%
finished on podium Ayrton Senna
99.2%
race finished in pointsAyrton Senna
99.2%
race finished in pointsRalf Schumacher
99.2%
pole positionAyrton Senna
99.2%
fastest lapAyrton Senna
99.2%
finished on podium Fernando Alonso
99%
race finished in pointsFernando Alonso
99%
fastest lapFernando Alonso
99%
finished on podium Sebastian Vettel
98.9%
race finished in pointsSebastian Vettel
98.9%
pole positionSebastian Vettel
98.9%
fastest lapSebastian Vettel
98.9%
finished on podium Kimi Raikkonen
98.6%
race finished in pointsKimi Raikkonen
98.6%
pole positionKimi Raikkonen
98.6%
fastest lapKimi Raikkonen
98.6%
pole positionFernando Alonso
98.2%
finished on podium Lewis Hamilton
98.1%
race finished in pointsLewis Hamilton
98.1%
pole positionLewis Hamilton
98.1%
fastest lapLewis Hamilton
98.1%
finished on podium Mika Hakkinen
96.9%
race finished in pointsMika Hakkinen
96.9%
pole positionMika Hakkinen
96.9%
fastest lapMika Hakkinen
96.9%
finished on podium Mark Webber
96.7%
race finished in pointsMark Webber
96.7%
fastest lapMark Webber
96.7%
pole positionMark Webber
96.6%
finished on podium Juan Manuel Fangio
96.2%
pole positionJuan Manuel Fangio
96.2%
fastest lapJuan Manuel Fangio
96.2%
Hint name the racer % Correct
finished on podium Rubens Barrichello
95.8%
race finished in pointsRubens Barrichello
95.8%
pole positionRubens Barrichello
95.8%
fastest lapRubens Barrichello
95.8%
finished on podium Jenson Button
95.4%
race finished in pointsJenson Button
95.4%
finished on podium Niki Lauda
95.1%
race finished in pointsNiki Lauda
95.1%
pole positionNiki Lauda
95.1%
fastest lapNiki Lauda
95.1%
finished on podium Felipe Massa
94.8%
race finished in pointsFelipe Massa
94.8%
pole positionFelipe Massa
94.8%
fastest lapFelipe Massa
94.8%
finished on podium Nigel Mansell
94.4%
race finished in pointsNigel Mansell
94.4%
pole positionNigel Mansell
94.4%
fastest lapNigel Mansell
94.4%
finished on podium Damon Hill
93.3%
pole positionDamon Hill
93.3%
fastest lapDamon Hill
93.3%
finished on podium Graham Hill
93.2%
pole positionGraham Hill
93.2%
finished on podium Nelson Piquet
92.6%
race finished in pointsNelson Piquet
92.6%
pole positionNelson Piquet
92.6%
fastest lapNelson Piquet
92.6%
race finished in pointsValtteri Bottas
91.5%
finished on podium David Coulthard
89.2%
race finished in pointsDavid Coulthard
89.2%
fastest lapDavid Coulthard
89.2%
finished on podium Jackie Stewart
88.5%
pole positionJackie Stewart
88.5%
fastest lapJackie Stewart
88.5%
pole positionJuan Pablo Montoya
88.3%
fastest lapJuan Pablo Montoya
88.3%
pole positionJacques Villeneuve
88.1%
finished on podium Nico Rosberg
88%
finished on podium Jim Clark
86.2%
pole positionJim Clark
86.2%
Hint name the racer % Correct
fastest lapJim Clark
86.2%
pole positionNico Rosberg
85.9%
race finished in pointsNico Rosberg
84.9%
finished on podium Emerson Fittipaldi
83.5%
pole positionJack Brabham
83.4%
fastest lapJack Brabham
83.4%
finished on podium Gerhard Berger
83.2%
race finished in pointsGerhard Berger
83.2%
fastest lapGerhard Berger
83.2%
pole positionMario Andretti
82.5%
race finished in pointsSergio Perez
82%
finished on podium Jody Scheckter
81.3%
fastest lapAlan Jones
79.5%
finished on podium Denny Hulme
78.3%
race finished in pointsDenny Hulme
78.3%
pole positionStirling Moss
77.2%
fastest lapStirling Moss
77.2%
pole positionAlberto Ascari
75.4%
fastest lapAlberto Ascari
75.4%
race finished in pointsNico Hulkenberg
74.6%
fastest lapNico Rosberg
74.6%
pole positionJames Hunt
74.1%
race finished in pointsGiancarlo Fisichella
73.8%
finished on podium Carlos Reutemann
72.4%
race finished in pointsCarlos Reutemann
72.4%
race finished in pointsJarno Trulli
70.9%
pole positionJacky Ickx
70.7%
fastest lapJacky Ickx
70.7%
pole positionRonnie Peterson
69.4%
finished on podium Jean Alesi
68.8%
race finished in pointsJean Alesi
68.8%
pole positionRene Arnoux
66.3%
fastest lapRene Arnoux
66.3%
fastest lapClay Regazzoni
65.2%
finished on podium Riccardo Patrese
61.8%
race finished in pointsRiccardo Patrese
61.8%
fastest lapRiccardo Patrese
61.8%
race finished in pointsNick Heidfeld
59.8%
race finished in pointsDaniel Ricciardo
56.5%
finished on podium Jacques Laffite
49.2%

You're not logged in!

Compare scores with friends on all Sporcle quizzes.
Sign Up with Email
OR
Log In

You Might Also Like...

Show Comments

Extras

Top Quizzes Today


Score Distribution

Your Account Isn't Verified!

In order to create a playlist on Sporcle, you need to verify the email address you used during registration. Go to your Sporcle Settings to finish the process.